|
|
|
|
| LEADER |
00000nam a2200000 a 4500 |
| 001 |
vtls011470848 |
| 003 |
SK-MaSNL |
| 005 |
20260426000224.0 |
| 008 |
251029s2015 xr a g 001 0dcze |
| 020 |
|
|
|a 9788074223778
|q (brož.)
|
| 040 |
|
|
|a SNK
|b slo
|c SNK
|e AACR2
|
| 041 |
0 |
|
|a cze
|b eng
|
| 044 |
|
|
|a xr
|c CZ
|
| 072 |
|
7 |
|a 316.4
|x Sociálne procesy
|2 konspekt
|
| 080 |
|
|
|a 316.4
|2 2001
|
| 080 |
|
|
|a 316.6
|2 2001
|
| 080 |
|
|
|a 323.1
|2 2001
|
| 080 |
|
|
|a 316.34
|2 2001
|
| 080 |
|
|
|a 94(437.3)
|2 2001
|
| 080 |
|
|
|a (049)
|2 2001
|
| 100 |
1 |
|
|a Strobach, Vít,
|d 1981-
|4 aut
|9 553774
|
| 245 |
1 |
0 |
|a Židé: národ, rasa, třída
|b sociální hnutí a "židovská otázka" v českých zemích 1861-1921
|c Vít Strobach
|
| 246 |
3 |
0 |
|a Sociální hnutí a "židovská otázka" v českých zemích 1861-1921
|
| 250 |
|
|
|a 1. vyd.
|
| 260 |
|
|
|a Praha
|b Lidové noviny
|c 2015
|
| 300 |
|
|
|a 307 s.
|b fotogr.
|c 19 cm
|
| 490 |
1 |
|
|a Knižnice Dějin a současnosti
|v sv. 59
|
| 546 |
|
|
|a Res. angl.
|
| 648 |
|
7 |
|a 1861-1921
|2 SNKPH
|9 553775
|
| 650 |
0 |
7 |
|a sociálne hnutia
|2 SNKPH
|9 4901
|
| 650 |
0 |
7 |
|a židovská otázka
|2 SNKPH
|9 73393
|
| 650 |
0 |
7 |
|a Židia
|2 SNKPH
|9 3760
|
| 650 |
0 |
7 |
|a antisemitizmus
|2 SNKPH
|9 4246
|
| 650 |
0 |
7 |
|a národná identita
|2 SNKPH
|9 1665
|
| 650 |
0 |
7 |
|a sionizmus
|2 SNKPH
|9 14992
|
| 650 |
0 |
7 |
|a Social movements
|2 SNKPHeng
|9 361998
|
| 650 |
0 |
7 |
|a Jewish question
|2 SNKPHeng
|9 553776
|
| 650 |
0 |
7 |
|a Jews
|2 SNKPHeng
|9 267345
|
| 650 |
0 |
7 |
|a Antisemitism
|2 SNKPHeng
|9 275559
|
| 650 |
0 |
7 |
|a National identity
|2 SNKPHeng
|9 282676
|
| 650 |
0 |
7 |
|a Zionism
|2 SNKPHeng
|9 336714
|
| 651 |
|
7 |
|a Česko
|2 SNKPH
|9 16753
|
| 651 |
|
7 |
|a Czechia
|2 SNKPHeng
|9 170107
|
| 655 |
|
7 |
|a rozpravy
|2 SNKPH
|9 70559
|
| 655 |
|
7 |
|a Essays
|2 SNKPHeng
|9 267540
|
| 830 |
|
0 |
|a Knižnice Dějin a současnosti
|9 327557
|
| 919 |
|
|
|a 978-80-7422-377-8
|
| 999 |
|
|
|c 849662
|d 851592
|
| 952 |
|
|
|a SNK
|b SNK
|y VYP
|7 0
|p 17A1180043
|o snkID 99181
|i snk2016/3713
|8 4
|g 8.85
|0 0
|1 0
|4 0
|d 2016-02-04
|l 0
|r 2026-02-24 04:38:03
|w 2026-02-24
|